000 00962cam a22003137a 4500
003 CHAP
005 20220329141124.0
008 971010c19851961mx r 00010 spa d
010 _a62946
011 _a63918
035 _a68659
040 _cCHAP
082 0 4 _a180
_bT3Y
100 0 0 _aTaylor, A. E.
_9111779
245 1 3 _aEl pensamiento de Sócrates
_c/por A.E. Taylor
260 _aMéxico, D. F. :
_bFCE,
_c1985 [c1961]
300 _a151 p.
490 0 _aBreviarios
_v; 161
590 _aBATCH-UPD
_b10
_c20130110
_lUCH01
_h0540
590 _aBATCH-UPD
_b10
_c20130410
_lUCH01
_h0221
590 _aBATCH-UPD
_b10
_c20130914
_lUCH01
_h0749
590 _aCONVERSION
_b10
_c20130109
_lUCH01
_h1334
650 4 _aFilosofía antigua.
_940898
830 0 _aBreviarios
_v; 161
_915273
901 _aBK
942 _cLIBRO
949 _a180 T3Y
_bBC
_cLIBRO
_d-149887
_eLIBRO
_h65777
_i68659
_si
949 _a180 T3Y
_bBC
_cLIBRO
_d33724000230793
_eLIBRO
_fc.2
_h65778
_i68659
_si
999 _c62946
_d62946